000 00444nam a2200169Ia 4500
005 20240606023431.0
008 240331s9999 xx 000 0 und d
020 _a8185119198
082 _bVEE
_a362
100 _aVeeraraghavan, V
245 0 _aRape and victims of rape :
_ba socio-psychological analysis
260 _aNew Delhi
_bNorthern Book Centre
_c1987
300 _a126 p.,
650 _aRape
650 _aSexual Abuse
942 _cL
999 _c2914
_d2914